000
00251nam a2200097Ia 4500
001
796706
005
20250826170753.0
008
250824s9999 xx 000 0 und d
245
0
_a
İNSAN NE İLE YAŞAR?
_c
LEV N.TOLSTOY
260
_b
SEDİR YAYINLARI A.Ş.
999
_c
796706
_d
796706